000 00635cam a2200217 4500500
005 20260405003202.0
041 _afre
042 _adc
100 1 0 _aRobin, Anne
_eauthor
245 0 0 _aPourquoi tenons-nous un journal intimeĀ ?
260 _c2020.
500 _a63
690 _aBarthes
690 _aConfessions
690 _aJournal
690 _aMaine de Biran
690 _aSaint Augustin
690 _aSimone Weil
786 0 _nPhilosophie magazine | 145 | 1 | 2020-12-01 | p. 63-64 | 1951-1787
856 4 1 _uhttps://shs.cairn.info/magazine-philosophie-magazine-2020-12-1-page-63?lang=fr&redirect-ssocas=7080
999 _c2065135
_d2065135